| 000 | 00651nam a2200241Ia 4500 | ||
|---|---|---|---|
| 003 | OSt | ||
| 005 | 20221005082452.0 | ||
| 006 | a|||||r|||| 00| 0 | ||
| 007 | ta | ||
| 008 | 221004b |||||||| |||| 00| 0 eng d | ||
| 020 | _a9788192994901 (pbk) | ||
| 024 | _a20379 | ||
| 037 |
_bGift, 01/07/2015, _cTextual |
||
| 040 |
_aCRL _cCRL _beng |
||
| 041 |
_2eng _aeng |
||
| 082 | _aV58A, Q4 | ||
| 100 |
_aAhmed Sheikh Manzoor _9611916 |
||
| 245 | 0 | _aAzerbaijan | |
| 260 |
_aNew Delhi _bSkyline India _c2014 |
||
| 650 | _aHISTORY | ||
| 942 |
_hV58A, Q4 _cTEXL _2cc |
||
| 999 |
_c989383 _d989383 |
||